Genoa City Trivia - Statistics

General Stats
  • This quiz has been taken 262 times
  • The average score is 9 of 20
Answer Stats
Clue Answer % Correct
Genovese sailor who explored the New World Christopher Columbus
96%
Genoa is considered to be the busiest ____ of Italy by cargo tonnage Port
84%
Sauce made of basil, garlic, pine nuts, and olive oil - originated in Genoa Pesto
81%
Genoa was one of the maritime republics along with these cities Amalfi | Venice | Pisa
74%
Closest world capital to Genoa Bern
72%
Italian name of Genoa Genova
71%
Genoa is part of this narrow coastal strip Italian {Riviera}
65%
Italian region in which Genoa is located Liguria
65%
The above is currently the royal dynasty of this nearby city Monaco
61%
Title of the leader of Medieval Genoa Doge
47%
State that controlled Genoa between 11th century–1797 {Republic} of Genoa
47%
Ruling royal dynasty that is often associated with Genoa House of Grimaldi
33%
Genovese architect that has designed The Shard and New York Times Building Renzo Piano
26%
Oldest known state deposit bank in the world Saint {George}
25%
Roman god of beginnings and gates - which Genoa is thought to been named after Janus
23%
Main square of Genoa Piazza De {Ferrari}
22%
Type of sausage that is falsely thought to have originated in Genoa Genoa {Salami}
20%
Patron saint of Genoa John the Baptist
19%
Meaning of what Genoa is known as in Italian, "La Superba" The {Proud} One
9%
Form of gambling that was popularized in Genoa in the 15th century Lottery
8%
No matching quizzes found
Score Distribution
Percent of People with Each Score
Percentile by Number Answered
Your Score History
You have not taken this quiz